000 01167nmc a2200337 a 4500
003 AR-BaBNM
005 20251128204823.0
008 187119s1993 ||||||||||||||000 | spa||
020 _a84-7433-919-7
040 _cAR-BaBNM
245 1 0 _aAtlas de espacios naturales y recursos culturales
_bde interés para el trazado de las carreteras del Estado
260 _aMadrid
_bMinisterio de Obras Públicas, Transportes y Medio Ambiente
_c1993
300 0 _a152 p.
_bláms., cuadros, mapas
490 0 _aMonografías
500 0 _aEl texto está acompañado por disquete
500 0 _aIndice de espacios naturales en p. 137-152
500 0 _aEste material debe ser solicitado para su consulta en la Medioteca de esta biblioteca
504 _aBibliografía en p. 131-133
650 4 _aRECURSOS NATURALES
650 4 _aCIENCIAS AMBIENTALES
650 4 _aEXPLORACION DE RECURSOS
650 4 _aRECURSOS VEGETALES
650 4 _aPARQUES NACIONALES
650 4 _aBELLEZAS NATURALES
650 4 _aGEOGRAFIA CONTINENTAL
650 4 _aMAPAS
650 4 _aTRANSPORTE
700 1 _aDombriz Lozano, José Javier
_eprologuista
942 _cBK
998 _cmariana
999 _c8952
_d8952